| 000 | 00000nam##2200000za#4500 |
| 001 | 9.640320 |
| 003 | CaOODSP |
| 005 | 20210624222619 |
| 007 | cr ||||||||||| |
| 008 | 150407|2001||||xxc|||||o f|0| 0 fre|d |
| 040 | |aCaOODSP|bfre |
| 043 | |an-cn--- |
| 086 | 1 |aE84-8/2001F-PDF |
| 110 | 1 |aCanada.|bDroits et Démocratie (Centre international des droits de la personne et du développement démocratique) |
| 245 | 10|aRécoltes inégales : |h[ressource électronique]|ble commerce international et le droit à l'alimentation vus par les agriculteurs / |cpar Lauren Posner. |
| 260 | |aMontréal - Québec : |bDroits et Démocratie (Centre international des droits de la personne et du développement démocratique) |cc2001. |
| 300 | |a27p.|bréférences, photographies |
| 500 | |aL'ISBN (2-922084-48-5) de l'édition imprimée bilingue a été incorrectement copié dans l'édition électronique. |
| 590 | |a12-24-Supp|b2012-05-30 |
| 691 | 07|aCommerce extérieur|2gcpds |
| 691 | 07|aDroits sociaux|2gcpds |
| 691 | 07|aIndustrie agro-alimentaire|2gcpds |
| 691 | 07|aNourriture|2gcpds |
| 720 | 1 |aPosner, Lauren |
| 775 | 08|tUnequal harvest : |w(CaOODSP)9.696200 |
| 776 | 0#|tUnequal harvest : |w(CaOODSP)9.663633 |
| 776 | 0#|tRécoltes inégales : |w(CaOODSP)9.663634 |
| 856 | 40|ahttp://publications.gc.ca|qPDF|s309 Ko|uhttps://publications.gc.ca/collections/Collection/E84-8-2001F.pdf |